| 000 | 00000nam##2200000za#4500 |
| 001 | 9.631188 |
| 003 | CaOODSP |
| 005 | 20250611103514 |
| 007 | cr ||||||||||| |
| 008 | 150407|2003||||xxc|||||o f|0| 0 fre|d |
| 040 | |aCaOODSP|bfre |
| 043 | |an-cn--- |
| 086 | 1 |aA22-355/2003F-PDF1 |
| 110 | 1 |aCanada. |bAgriculture et agroalimentaire Canada. |
| 245 | 10|aProgramme de couverture végétale du Canada - volet de conversion des terres : |h[ressource électronique]|bconvertir les terres écologiquement sensibles en y établissant une couverture végétale permanente |
| 260 | |aOttawa - Ontario : |bAgriculture et Agroalimentaire Canada |cc2003. |
| 300 | |a12p.|bphotographies |
| 500 | |aPublication historique numérisée par Agriculture et Agroalimentaire Canada. |
| 590 | |a14-11-Supp|b2014-05-21 |
| 691 | 07|aGestion du territoire|2gcpds |
| 691 | 07|aPolitique agricole|2gcpds |
| 691 | 07|aProtection de l'environnement|2gcpds |
| 775 | 08|tGreencover Canada's land conversion component : |w(CaOODSP)9.686725 |
| 776 | 0#|tProgramme de couverture végétale du Canada - volet de conversion des terres : |w(CaOODSP)9.682275 |
| 856 | 40|ahttp://publications.gc.ca|qPDF|s764 Ko|uhttps://publications.gc.ca/collections/collection_2014/aac-aafc/agrhist/A22-355-2003-fra.pdf |
| 986 | |a2188F |